Uslugi bogate w wiedze

Gespeichert in:
Bibliographische Detailangaben
Weitere Verfasser: Rogozinski, Kazimierz
Format: Buch
Sprache:Polnisch
Englisch
Veröffentlicht: Poznan Infomila 2006
Schriftenreihe:Marketing uslug profesjonalnych tom 6
Schlagworte:
Tags: Tag hinzufügen
Keine Tags, Fügen Sie das erste Tag hinzu!

MARC

LEADER 00000nam$a2200000$$$4500
001 0055553
005 20240104135352.6
020 |a 83-924856-0-2 
041 0 |a pol 
041 0 |a eng 
044 |a PL 
245 1 0 |a Uslugi bogate w wiedze  |c pod redakcja Kazimierza Rogozinskiego 
264 1 |a Poznan  |b Infomila  |c 2006 
300 |a 242 s. 
490 1 |a Marketing uslug profesjonalnych  |v tom 6 
830 0 |a Marketing uslug profesjonalnych  |v tom 6 
610 2 0 |a veda 
610 2 0 |a služby 
610 2 0 |a podnik 
610 2 0 |a kapitál podnikový 
610 2 0 |a marketing služieb 
610 2 0 |a inovácia 
610 2 0 |a manažment 
610 2 0 |a poistenie 
610 2 0 |a zdravotníctvo 
610 2 0 |a klienti 
610 2 0 |a kreativita 
610 2 0 |a vedomosti 
610 2 0 |a komunikácia 
700 1 |a Rogozinski, Kazimierz